000 02158nam0a2200457 4500
001 RU\NLR\BIBL_A\022357271
005 20250627150926.0
010 _a978-5-09-116899-0
_973
021 _aRU
_bКН-П-24-050630
_9КН-П-24-5033
035 _a(NLR Aleph) 022357271
090 _a13326673
_c13326673
100 _a20241018d2024 d y0rusy50 ca
101 0 _arus
_ayur
102 _aRU
105 _aa j 000yy
181 0 _ai3
_baxxe
182 0 _an
200 1 _aНенецкий язык
_e6 класс
_eучебное пособие для общеобразовательных организаций
_fМ. Я. Бармич, В. Н. Няруй, И. Н. Вануйто, С. И. Тусида
_gпод редакцией М. Я. Бармич
203 _aТекст
_bвизуальный
_cнепосредственный
205 _a4-е изд., перераб.
210 _aМосква
_cПросвещение
_aСанкт-Петербург
_cСанкт-Петербургский филиал издательства "Просвещение"
_d2024
215 _a127 с.
_cцв. ил.
_d26
225 1 _aНовый учебник Севера
225 1 _aФГОС
300 _aНа обл.: Ненэця' вада: 6
300 _aАвт. указаны на обороте тит. с.
300 _aИзд. за счёт средств Ямало-Ненец. авт. окр.
333 _a6+
512 1 _aНенэця' вада
_e6
_zyur
606 1 _aНенецкий язык
_jУчебники для средней школы
_2nlr_sh2
_3RU\NLR\AUTH\66744415
686 3 _aШ166.71-922.1[6]
701 1 _aБармич
_bМ. Я.
_f1934-2023
_gМария Яковлевна
_3RU\NLR\AUTH\7748315
_4070
701 1 _aНяруй
_bВ. Н.
_f1953-
_gВалентина Нёлёковна
_3RU\NLR\AUTH\7748317
_4070
701 1 _aВануйто
_bИ. Н.
_gИрина Нюдяковна
_4070
701 1 _aТусида
_bС. И.
_gСветлана Ивановна
_4070
852 _aNLR
_bОНЛ
_jНенец./4-65
942 _cBOOK
980 _aNB